| 000 | 00536nam a2200205Ia 4500 | ||
|---|---|---|---|
| 003 | 0100 | ||
| 008 | 130303s9999 xx 000 0 und d | ||
| 040 | _cARRUPELIB | ||
| 050 | _aQ151.W37 | ||
| 100 | _aWaterlow, Sarah | ||
| 245 | _aNature, change, and agency in Aristotle's PHYSICS | ||
| 245 | _ba Philosophical study | ||
| 260 | _aOxford | ||
| 260 | _bClarendon Pr. | ||
| 260 | _C1982 | ||
| 300 | _a269p | ||
| 650 | _bMozambique--History--1891-1975 | ||
| 650 | _cMozambique--History--Independence and civil war | ||
| 942 | 0 | 0 | _01 |
| 999 |
_c25193 _d25193 |
||